Diagnosis of deterioration in concrete structures (Record no. 110912)
[ view plain ]
| 000 -LEADER | |
|---|---|
| fixed length control field | 00608cam a22001815a 4500 |
| 001 - CONTROL NUMBER | |
| control field | L150574 |
| 008 - FIXED-LENGTH DATA ELEMENTS--GENERAL INFORMATION | |
| fixed length control field | 100729s2000 xxk f 000 0 eng d |
| 035 ## - SYSTEM CONTROL NUMBER | |
| System control number | (Sirsi) u150574 |
| 041 0# - LANGUAGE CODE | |
| Language code of text/sound track or separate title | eng |
| 050 04 - LIBRARY OF CONGRESS CALL NUMBER | |
| Classification number | 0946691818 |
| 110 2# - MAIN ENTRY--CORPORATE NAME | |
| Corporate name or jurisdiction name as entry element | The Cocrete Society |
| 245 00 - TITLE STATEMENT | |
| Title | Diagnosis of deterioration in concrete structures |
| Remainder of title | identification of defects, evaluation and development of remedial action |
| 260 ## - PUBLICATION, DISTRIBUTION, ETC. | |
| Place of publication, distribution, etc. | Berkshire |
| Name of publisher, distributor, etc. | The Concrete Society |
| Date of publication, distribution, etc. | 2000. |
| 520 ## - SUMMARY, ETC. | |
| Summary, etc. | Interlibrary loan from ICE |
| 651 #4 - SUBJECT ADDED ENTRY--GEOGRAPHIC NAME | |
| Geographic name | ENGLAND AND WALES |
| 856 48 - ELECTRONIC LOCATION AND ACCESS | |
| Host name | uhttp://194.154.180.3/uhtbin/cgisirsi.exe/0/0/0/1/117/X/ |
| 942 ## - ADDED ENTRY ELEMENTS (KOHA) | |
| Suppress in OPAC | 0 |
| Withdrawn status | Lost status | Source of classification or shelving scheme | Damaged status | Not for loan | Home library | Current library | Shelving location | Date acquired | Total Checkouts | Barcode | Date last seen | Date last checked out | Copy number | Price effective from | Koha item type |
|---|---|---|---|---|---|---|---|---|---|---|---|---|---|---|---|
| Dewey Decimal Classification | London | London | Books | 29/07/2010 | 1 | 30076192 | 06/08/2019 | 29/07/2010 | 1 | 06/08/2019 | Book |